Crónicas de la discrepancia / (Record no. 10040)
[ view plain ]
| 000 -LEADER | |
|---|---|
| campo de control de longitud fija | 00891nam a2200277 i 4500 |
| 001 - NÚMERO DE CONTROL | |
| campo de control | 10040 |
| 003 - IDENTIFICADOR DE NÚMERO DE CONTROL | |
| campo de control | ES-MaACL |
| 005 - FECHA Y HORA DE LA ÚLTIMA TRANSACCIÓN | |
| campo de control | 20250316174441.0 |
| 007 - CAMPO FIJO DE DESCRIPCIÓN FÍSICA--INFORMACIÓN GENERAL | |
| campo de control de longitud fija | t| |
| 008 - DATOS DE LONGITUD FIJA--INFORMACIÓN GENERAL | |
| campo de control de longitud fija | 941115s1993 sp ||||1| spa d |
| 020 ## - NÚMERO INTERNACIONAL ESTÁNDAR DEL LIBRO | |
| Número Internacional Estándar del Libro | 84-7774-567-6 |
| 080 ## - NÚMERO DE LA CLASIFICACIÓN DECIMAL UNIVERSAL | |
| Número de la Clasificación Decimal Universal | 1 Chomsky, Noam |
| 100 1# - ENTRADA PRINCIPAL--NOMBRE DE PERSONA | |
| Nombre de persona | Chomsky, Noam, |
| Fechas asociadas al nombre | 1928- |
| 9 (RLIN) | 38607 |
| 245 10 - MENCIÓN DEL TÍTULO | |
| Título | Crónicas de la discrepancia / |
| Mención de responsabilidad, etc. | Noam Chomsky ; entrevistas de David Barsamian ; introducción de Alexander Cockburn. |
| 260 ## - PUBLICACIÓN, DISTRIBUCIÓN, ETC. | |
| Lugar de publicación, distribución, etc. | Madrid : |
| Nombre del editor, distribuidor, etc. | Visor, |
| Fecha de publicación, distribución, etc. | D.L. 1993. |
| 300 ## - DESCRIPCIÓN FÍSICA | |
| Extensión | 379 p. ; |
| Dimensiones | 22 cm. |
| 490 1# - MENCIÓN DE SERIE | |
| Mención de serie | Labalsa de la medusa ; |
| Designación de volumen o secuencia | 67 |
| 600 14 - PUNTO DE ACCESO ADICIONAL DE MATERIA--NOMBRE DE PERSONA | |
| Nombre de persona | Chomsky, Noam, |
| Fechas asociadas al nombre | 1928- |
| Subdivisión de forma | Entrevistas |
| 9 (RLIN) | 38608 |
| 650 #7 - PUNTO DE ACCESO ADICIONAL DE MATERIA--TÉRMINO DE MATERIA | |
| Fuente del encabezamiento o término | embne |
| 9 (RLIN) | 233598 |
| Término de materia o nombre geográfico como elemento de entrada | Entrevistas |
| 700 1# - ENTRADA AGREGADA--NOMBRE PERSONAL | |
| Nombre de persona | Barsamian, David. |
| 9 (RLIN) | 26093 |
| 700 1# - ENTRADA AGREGADA--NOMBRE PERSONAL | |
| Nombre de persona | Cockburn, Alexander. |
| 9 (RLIN) | 39405 |
| 830 0# - PUNTO DE ACCESO ADICIONAL DE SERIE-TÍTULO UNIFORME | |
| Título uniforme | Labalsa de la medusa ; |
| Designación de volumen o secuencia | 67 |
| 9 (RLIN) | 228092 |
| 852 ## - LOCALIZACIÓN | |
| Ubicación | ES-MaACL |
| Número de control de estantería | L-17417 |
| Sublocalización o colección | R.122553 |
| 942 ## - ELEMENTOS DE ENTRADA SECUNDARIOS (KOHA) | |
| Fuente del sistema de clasificación o colocación | Clasificación decimal universal |
| Estatus retirado | Estado de pérdida | Estado de daño | No para préstamo | Biblioteca de origen | Biblioteca actual | Ubicación en estantería | Fecha de adquisición | Fuente de adquisición | Total de préstamos | Signatura topográfica completa | Código de barras | Visto por última vez | Precio de reemplazo | Tipo de ítem Koha |
|---|---|---|---|---|---|---|---|---|---|---|---|---|---|---|
| Biblioteca del Ateneo de Madrid | Biblioteca del Ateneo de Madrid | Depósito 2 | 17/01/2008 | L-17417 | 1010247 | 23/02/2023 | 23/02/2023 | Libro impreso |
